000 00379nam a2200169Ia 4500
001 29574
003 IN-NITTTR
005 20251114233403.0
008 251113s9999||||xx |||||||||||||| ||eng||
040 _beng
040 _cIN-NITTTR
041 _aeng
082 _a001.422 T952M
100 _aTyagi, L. K.
245 0 _aManagement research /
_cTyagi, L. K.
942 _2ddc
_cBK
999 _c32202
_d32202